01302nam a2200337Ia 4500001001200000003000800012006001900020007001500039008004100054010001700095020003100112020002800143040002100171035002100192050002400213245013800237260005900375300001500434504005100449533015200500650001500652650002700667650002800694655002900722700001900751700001800770700001800788710001700806856012600823999001500949ebr10273828CaPaEBRm u cr cn|||||||||080818s2009 enk sb 001 0 eng d z 2008035646 z9780754672685 (alk. paper) z0754672689 (alk. paper) aCaPaEBRcCaPaEBR a(OCoLC)64679369414aHM585b.S595 2009eb00aSociological objectsh[electronic resource] :breconfigurations of social theory /cedited by Geoff Cooper, Andrew King, Ruth Rettie. aFarnham, England ;aBurlington, VT :bAshgate,cc2009. aix, 206 p. aIncludes bibliographical references and index. aElectronic reproduction.bPalo Alto, Calif. :cebrary,d2009.nAvailable via World Wide Web.nAccess may be limited to ebrary affiliated libraries. 0aSociology. 0aSociologyxPhilosophy. 0aSociologyxMethodology. 7aElectronic books.2local1 aCooper, Geoff.1 aKing, Andrew.1 aRettie, Ruth.2 aebrary, Inc.40uhttp://site.ebrary.com/lib/rucke/Doc?id=10273828zAn electronic book accessible through the World Wide Web; click to view c6413d6413